| 000 | 00698nam a22001937a 4500 | ||
|---|---|---|---|
| 999 |
_c17213 _d17213 |
||
| 003 | AR-CdUCM | ||
| 008 | 190507b ||||| |||| 00| 0 spa d | ||
| 040 |
_aMUNICIPALIDAD PROVINCIAL DEL CUSCO _cBIBLIOTECA MUNICIPAL DEL CUSCO |
||
| 041 | _heng | ||
| 082 |
_a973.09 / _bM27 |
||
| 100 |
_aMassimo Calderazzi, Antonio _937091 |
||
| 245 | _aLa revolución negra en los EE.UU / | ||
| 260 |
_aBarcelona : _bBruguera, _c1970. |
||
| 300 |
_a330 páginas ; _c19 cm. |
||
| 505 | _aContenido: Cuestión de pobreza -- Lincoln una versión perdida -- La revancha del sur -- Pueblo o subclase: la identidad negra... | ||
| 650 |
_aRevolución negra _937092 |
||
| 942 |
_2ddc _cLIBROS |
||
| 945 |
_aacv _d2019-05-07 |
||